Statistics for Kendrick Lamar Features

Click here to take the quiz!

General Stats

  • This quiz has been taken 40 times
  • The average score is 5 of 19

Answer Stats

ArtistsSong% Correct
Future, Metro BoominLike That
95%
Taylor SwiftBad Blood
54%
Ab-Soul, Big Sean, Jay ElectronicaControl
46%
SZADoves in the Wind
43%
Lil WayneMona Lisa
41%
Pusha TNosetalgia
35%
Jay Rock, Future, James BlakeKing's Dead
30%
EminemLove Game
24%
Danny Brown, Ab-Soul, Earl SweatshirtReally Doe
24%
Maroon 5Don't Wanna Know
16%
Rich the KidNew Freezer
16%
SiaThe Greatest
14%
Busta RhymesLook Over Your Shoulder
11%
Kanye WestAll Day
8%
Alicia KeysIt's On Again
8%
50 CentWe Up
8%
DidoLet Us Move On
5%
The GameThe City
5%
Chris BrownAutumn Leaves
3%

Score Distribution

Percentile by Number Answered

Percent of People with Each Score

Your Score History

You have not taken this quiz